Culture Générale - Série 405 - Statistiques

Statistiques générales
  • Ce quiz a été pris 588 fois
  • Le résultat moyen est 9 sur 10
Statistiques - réponses
Question Réponse % Correct
Selon l'expression, quand on change de sujet sans transition, on "passe du coq à... L'âne
98%
Selon le titre du dessin animé, comment se prénomme l'éponge qui vit à Bikini Bottom ? Bob
97%
En France, quelle onomatopée correspond au cri du coq ? Cocorico
95%
Aux échecs comme aux dames, quelle couleur commence toujours la partie ? Les blancs
94%
Quelle est la capitale du grand-duché de Luxembourg ? Luxembourg
94%
Dans quel loch écossais a-t-on une chance d'apercevoir le monstre Nessie ? Le Loch Ness
93%
Quel mot anglais désigne l'habitacle réservé au pilote dans un avion ? Le cockpit
92%
Combien une main humaine comporte-t-elle de phalanges ? 14
88%
Quel était le slogan de campagne de Barack Obama repris par Will.i.am, des Black Eyed Peas ? Yes, we can
72%
Quel monument parisien trône au milieu de la place de l'Etoile ? L'Arc de Triomphe
59%
Aucun quiz correspondant
Distribution des résultats
% des personnes avec chaque résultat
Percentile par nombre de réponses
Votre historique - résultats
Vous n’avez pas pris ce quiz